[Event "4NCL/2001-02/D3/BRI2-WS"]
[Site "Rd07-Birmingham"]
[Date "2002.03.23"]
[Round "7.7"]
[White "Humphreys, Jerry G"]
[Black "Cooper, David M"]
[Result "0-1"]
[WhiteElo "2087"]
[BlackElo "1880"]
[PlyCount "82"]
[EventDate "2002.03.23"]
[EventCountry "ENG"]
[SourceTitle "BritBase"]
[Source "John Saunders"]
[SourceDate "2024.10.24"]
[SourceVersion "1"]
[SourceVersionDate "2024.10.24"]
[SourceQuality "1"]
[WhiteTeam "Bristol 2"]
[BlackTeam "Warwickshire Select"]
[WhiteTeamCountry "ENG"]
[BlackTeamCountry "ENG"]

1. Nf3 d5 2. g3 Nc6 3. d4 Bg4 4. Bg2 Qd7 5. Ne5 Nxe5 6. dxe5 e6 7. O-O Bc5 8. b4 Bb6 9. c4 c6 10. c5 Bc7 11. Bb2 Ne7 12. Nd2 a5 13. f3 Bh5 14. a3 b6 15. Qc2 Bg6 16. Qc3 bxc5 17. Qxc5 Ra6 18. Kh1 Bb6 19. Qd6 Nf5 20. Qb8+ Qd8 21. Qxd8+ Kxd8 22. bxa5 Bxa5 23. Nb3 Bb6 24. Rfc1 Ba7 25. e4 Ne3 26. exd5 cxd5 27. Nc5 Rc6 28. Bd4 Nc2 29. Nxe6+ Rxe6 30. Bxa7 Nxa1 31. Rxa1 Rxe5 32. Rc1 Rhe8 33. Bb6+ Kd7 34. Rc7+ Kd6 35. h4 Re1+ 36. Kh2 R1e2 37. Rc3 Bf5 38. Bc7+ Ke6 39. Bf4 Rc2 40. Rxc2 Bxc2 41. Bh3+ Kf6 0-1

[Event "4NCL/2001-02/D3/BRI2-WS"]
[Site "Rd07-Birmingham"]
[Date "2002.03.23"]
[Round "7.8"]
[White "Wilcox, Charlotte"]
[Black "Wahl-Jorgensen, Karin"]
[Result "1/2-1/2"]
[WhiteElo "1392"]
[BlackElo "1608"]
[PlyCount "48"]
[EventDate "2002.03.23"]
[EventCountry "ENG"]
[SourceTitle "BritBase"]
[Source "John Saunders"]
[SourceDate "2024.10.24"]
[SourceVersion "1"]
[SourceVersionDate "2024.10.24"]
[SourceQuality "1"]
[WhiteTeam "Warwickshire Select"]
[BlackTeam "Bristol 2"]
[WhiteTeamCountry "ENG"]
[BlackTeamCountry "ENG"]

1. e4 c6 2. Nf3 d5 3. Nc3 Bg4 4. d4 dxe4 5. Nxe4 Nf6 6. Nxf6+ exf6 7. Be2 Bd6 8. Be3 Nd7 9. O-O O-O 10. h3 Bh5 11. Re1 Qc7 12. c3 Rfe8 13. Qc2 Bg6 14. Bd3 Bxd3 15. Qxd3 Rad8 16. Qc2 Qa5 17. Qb3 Qb6 18. Nd2 Qxb3 19. axb3 a6 20. Nc4 Bc7 21. Bd2 Kf8 22. Rxe8+ Rxe8 23. Kf1 Nb6 24. Re1 Rxe1+ 1/2-1/2

[Event "4NCL/2001-02/D3/GUI2-SWD2"]
[Site "Rd07-Birmingham"]
[Date "2002.03.23"]
[Round "7.1"]
[White "Granat, Russell G"]
[Black "Jones, Richard S"]
[Result "0-1"]
[WhiteElo "2243"]
[BlackElo "2174"]
[PlyCount "74"]
[EventDate "2002.03.23"]
[EventCountry "ENG"]
[SourceTitle "BritBase"]
[Source "John Saunders"]
[SourceDate "2024.10.24"]
[SourceVersion "1"]
[SourceVersionDate "2024.10.24"]
[SourceQuality "1"]
[WhiteTeam "Guildford-ADC 2"]
[BlackTeam "South Wales Dragons 2"]
[WhiteTeamCountry "ENG"]
[BlackTeamCountry "WLS"]

1. e4 e5 2. Nf3 Nc6 3. Bb5 a6 4. Ba4 Nf6 5. O-O Be7 6. Qe2 b5 7. Bb3 O-O 8. d4 Nxd4 9. Nxd4 exd4 10. e5 Ne8 11. a4 Bb7 12. c3 dxc3 13. Nxc3 c5 14. Bd5 Bxd5 15. Nxd5 Nc7 16. Rd1 Nxd5 17. Rxd5 Qc7 18. Bf4 Qc6 19. Rad1 Rfd8 20. axb5 axb5 21. h3 c4 22. Qg4 Ra1 23. Rxa1 Qxd5 24. Rd1 Qe6 25. Qg3 b4 26. Bg5 d5 27. f4 Bxg5 28. Qxg5 Qb6+ 29. Kh2 h6 30. Qe7 c3 31. bxc3 bxc3 32. f5 d4 33. f6 c2 34. Rf1 Rc8 35. fxg7 Qe6 36. Qa3 Qxe5+ 37. Kh1 Qe2 0-1

[Event "4NCL/2001-02/D3/GUI2-SWD2"]
[Site "Rd07-Birmingham"]
[Date "2002.03.23"]
[Round "7.2"]
[White "Saunders, John C"]
[Black "Richardson, Keith Bevan"]
[Result "1/2-1/2"]
[WhiteElo "2200"]
[BlackElo "2208"]
[PlyCount "118"]
[EventDate "2002.03.23"]
[EventCountry "ENG"]
[SourceTitle "BritBase"]
[Source "John Saunders"]
[SourceDate "2024.10.24"]
[SourceVersion "1"]
[SourceVersionDate "2024.10.24"]
[SourceQuality "1"]
[WhiteTeam "South Wales Dragons 2"]
[BlackTeam "Guildford-ADC 2"]
[WhiteTeamCountry "WLS"]
[BlackTeamCountry "ENG"]

1. e4 g6 2. d4 Bg7 3. Nf3 d6 4. c3 Nf6 5. Nbd2 O-O 6. Be2 Nc6 7. O-O e5 8. dxe5 dxe5 9. Qc2 Nh5 10. Nc4 Nf4 11. Bxf4 exf4 12. Rad1 Qe7 13. Nd4 Bd7 14. Rfe1 Rad8 15. Nxc6 Bxc6 16. Bf3 b6 17. h3 a5 18. Nd2 Qe5 19. Nb3 Ba4 20. Rxd8 Rxd8 21. Rd1 Re8 22. Qd3 Bc6 23. Qc4 Qb5 24. Qxb5 Bxb5 25. Nd4 {(=)} Bc4 26. b3 Ba6 27. c4 Rd8 28. Nc2 Rxd1+ 29. Bxd1 Bc3 30. Be2 Kg7 31. Bd3 Kf6 32. f3 Ke5 33. Kf2 Bc8 34. Ke2 g5 35. Kf2 Bd7 36. Ke2 h5 37. Kf2 f6 38. Ke2 g4 39. hxg4 hxg4 40. Kf1 a4 41. Ke2 axb3 42. axb3 gxf3+ 43. gxf3 Be6 44. Na3 c6 45. Nc2 Kd6 46. b4 Kc7 47. Kd1 Bd7 48. Kc1 b5 49. Kd1 Kb6 50. cxb5 cxb5 51. Ke2 Be6 52. Na3 Bd7 53. Nc2 Bb2 54. Ne1 Be6 55. Kd2 Bc4 56. Bc2 Be5 57. Nd3 Bd6 58. Kc3 Bc7 59. Bb3 Bxd3 1/2-1/2

[Event "4NCL/2001-02/D3/GUI2-SWD2"]
[Site "Rd07-Birmingham"]
[Date "2002.03.23"]
[Round "7.3"]
[White "Thompson, Ian D"]
[Black "Spice, Alan P"]
[Result "1-0"]
[WhiteElo "2209"]
[BlackElo "2201"]
[PlyCount "95"]
[EventDate "2002.03.23"]
[EventCountry "ENG"]
[SourceTitle "BritBase"]
[Source "John Saunders"]
[SourceDate "2024.10.24"]
[SourceVersion "1"]
[SourceVersionDate "2024.10.24"]
[SourceQuality "1"]
[WhiteTeam "Guildford-ADC 2"]
[BlackTeam "South Wales Dragons 2"]
[WhiteTeamCountry "ENG"]
[BlackTeamCountry "WLS"]

1. c4 e6 2. Nf3 f5 3. g3 Nf6 4. Bg2 Be7 5. O-O O-O 6. d4 d6 7. Nc3 Qe8 8. b3 a5 9. Bb2 c6 10. Re1 Na6 11. e4 fxe4 12. Nxe4 Nxe4 13. Rxe4 Qh5 14. Re3 Bd7 15. Ne1 Qf5 16. f4 Nc7 17. Qd3 Rae8 18. Be4 Qh3 19. Rc1 Rf6 20. Bg2 Qh5 21. Rc2 Rh6 22. Bf3 Qh3 23. Qf1 Qf5 24. Nd3 Rf8 25. g4 Qf7 26. Rce2 b5 27. Qg2 d5 28. c5 Be8 29. a4 bxa4 30. bxa4 g5 31. f5 Bd8 32. Ne5 Qg7 33. Bc3 exf5 34. gxf5 Rxf5 35. Ng4 Bg6 36. Nxh6+ Qxh6 37. Bxa5 Qg7 38. Re5 Rxe5 39. dxe5 Qe7 40. Bb6 Ne6 41. Bxd8 Qxd8 42. Qg4 Nf4 43. Kf1 h5 44. Qg1 g4 45. Bxg4 Qg5 46. Be6+ Nxe6 47. Qxg5 Nxg5 48. Rg2 1-0

[Event "4NCL/2001-02/D3/GUI2-SWD2"]
[Site "Rd07-Birmingham"]
[Date "2002.03.23"]
[Round "7.4"]
[White "Trevelyan, John"]
[Black "Jackson, Adrian"]
[Result "1-0"]
[WhiteElo "2178"]
[BlackElo "2236"]
[PlyCount "81"]
[EventDate "2002.03.23"]
[EventCountry "ENG"]
[SourceTitle "BritBase"]
[Source "John Saunders"]
[SourceDate "2024.10.24"]
[SourceVersion "1"]
[SourceVersionDate "2024.10.24"]
[SourceQuality "1"]
[WhiteTeam "South Wales Dragons 2"]
[BlackTeam "Guildford-ADC 2"]
[WhiteTeamCountry "WLS"]
[BlackTeamCountry "ENG"]

1. d4 Nf6 2. c4 e6 3. Nf3 c5 4. e3 b6 5. Nc3 Bb7 6. Bd3 d6 7. e4 Nc6 8. d5 Nd4 9. Nxd4 cxd4 10. Ne2 e5 11. f4 Nd7 12. f5 Be7 13. O-O Bg5 14. Rf3 Bxc1 15. Rxc1 g5 16. Bc2 f6 17. Ba4 Ke7 18. b4 Rc8 19. Qb3 Ba8 20. Rc2 Rc7 21. Nc1 a6 22. Nd3 Qb8 23. Bxd7 Rxd7 24. Rf1 Rc8 25. Rfc1 Rdc7 26. Qa3 Qa7 27. c5 bxc5 28. bxc5 dxc5 29. Rxc5 Rxc5 30. Rxc5 Rxc5 31. Nxc5 Qb6 32. Nxa6+ Kf7 33. Nc5 Qb1+ 34. Kf2 Qc2+ 35. Ke1 Bb7 36. d6 Qxg2 37. Qb3+ Kg7 38. Qxb7+ Kh6 39. Qb3 Qg1+ 40. Kd2 Qxh2+ 41. Kd3 1-0

[Event "4NCL/2001-02/D3/GUI2-SWD2"]
[Site "Rd07-Birmingham"]
[Date "2002.03.23"]
[Round "7.5"]
[White "Richardson, Kevin Derek"]
[Black "Walden-Jones, Andrew"]
[Result "1-0"]
[WhiteElo "2184"]
[BlackElo "2103"]
[PlyCount "97"]
[EventDate "2002.03.23"]
[EventCountry "ENG"]
[SourceTitle "BritBase"]
[Source "John Saunders"]
[SourceDate "2024.10.24"]
[SourceVersion "1"]
[SourceVersionDate "2024.10.24"]
[SourceQuality "1"]
[WhiteTeam "Guildford-ADC 2"]
[BlackTeam "South Wales Dragons 2"]
[WhiteTeamCountry "ENG"]
[BlackTeamCountry "WLS"]

1. e4 c6 2. d4 d5 3. exd5 cxd5 4. Bd3 Nf6 5. c3 Nc6 6. Bf4 e6 7. Nf3 Bd6 8. Bxd6 Qxd6 9. O-O h6 10. Re1 Nd7 11. Nbd2 O-O 12. Qe2 b6 13. Ne5 Ndxe5 14. dxe5 Qc7 15. f4 f6 16. Qh5 Qf7 17. Qh4 f5 18. Bb5 Nb8 19. Nf3 a6 20. Bf1 Nd7 21. Nd4 Nc5 22. Re3 Ne4 23. Bd3 Ra7 24. Rf1 Rc7 25. Bxe4 dxe4 26. g4 Kh7 27. Rf2 Rc4 28. Rg2 fxg4 29. Rxg4 Rxd4 30. cxd4 Bb7 31. Rc3 Qd7 32. Qf2 Rf7 33. Qe3 Bd5 34. a3 Qb5 35. Rg2 g5 36. a4 Qxa4 37. Rf2 gxf4 38. Rxf4 Rg7+ 39. Kf2 Qd1 40. Rc1 Qh5 41. h4 Qg6 42. Qh3 h5 43. Rf6 e3+ 44. Qxe3 Qg2+ 45. Ke1 Qh1+ 46. Kd2 Qh2+ 47. Qf2 Qh3 48. Rf7 Qg4 49. Rcc7 1-0

[Event "4NCL/2001-02/D3/GUI2-SWD2"]
[Site "Rd07-Birmingham"]
[Date "2002.03.23"]
[Round "7.6"]
[White "Adams, Mark A"]
[Black "Coates, Kenneth G"]
[Result "1/2-1/2"]
[WhiteElo "2084"]
[BlackElo "2188"]
[PlyCount "34"]
[EventDate "2002.03.23"]
[EventCountry "ENG"]
[SourceTitle "BritBase"]
[Source "John Saunders"]
[SourceDate "2024.10.24"]
[SourceVersion "1"]
[SourceVersionDate "2024.10.24"]
[SourceQuality "1"]
[WhiteTeam "South Wales Dragons 2"]
[BlackTeam "Guildford-ADC 2"]
[WhiteTeamCountry "WLS"]
[BlackTeamCountry "ENG"]

1. e4 c5 2. Nf3 d6 3. d4 cxd4 4. Nxd4 Nf6 5. Nc3 a6 6. f3 e5 7. Nb3 Be6 8. Be3 Nc6 9. Qd2 d5 10. exd5 Nxd5 11. Nxd5 Qxd5 12. Qxd5 Bxd5 13. O-O-O O-O-O 14. Bb6 Rd6 15. Bc5 Rd8 16. Bb6 Rd6 17. Bc5 Rd8 1/2-1/2

[Event "4NCL/2001-02/D3/GUI2-SWD2"]
[Site "Rd07-Birmingham"]
[Date "2002.03.23"]
[Round "7.7"]
[White "Norman, Kenneth I"]
[Black "Cast, Jason"]
[Result "1/2-1/2"]
[WhiteElo "2144"]
[BlackElo "1920"]
[PlyCount "42"]
[EventDate "2002.03.23"]
[EventCountry "ENG"]
[SourceTitle "BritBase"]
[Source "John Saunders"]
[SourceDate "2024.10.24"]
[SourceVersion "1"]
[SourceVersionDate "2024.10.24"]
[SourceQuality "1"]
[WhiteTeam "Guildford-ADC 2"]
[BlackTeam "South Wales Dragons 2"]
[WhiteTeamCountry "ENG"]
[BlackTeamCountry "WLS"]

1. Nf3 d5 2. c4 e6 3. g3 Nf6 4. Bg2 c6 5. b3 Be7 6. Bb2 O-O 7. O-O a5 8. d3 Na6 9. Nbd2 Nc5 10. Qc2 Bd7 11. a3 b5 12. cxb5 cxb5 13. Bd4 Rc8 14. Qb2 Ne8 15. b4 Na4 16. Qb3 Nd6 17. Rac1 Bc6 18. Ne5 Bb7 19. Rxc8 Qxc8 20. bxa5 f6 21. Nef3 Qa8 1/2-1/2

[Event "4NCL/2001-02/D3/GUI2-SWD2"]
[Site "Rd07-Birmingham"]
[Date "2002.03.23"]
[Round "7.8"]
[White "Wilson, Julie C"]
[Black "Norman>Dobson>Wright, Dinah Margaret"]
[Result "1/2-1/2"]
[WhiteElo "1648"]
[BlackElo "2032"]
[PlyCount "59"]
[EventDate "2002.03.23"]
[EventCountry "ENG"]
[SourceTitle "BritBase"]
[Source "John Saunders"]
[SourceDate "2024.10.24"]
[SourceVersion "1"]
[SourceVersionDate "2024.10.24"]
[SourceQuality "1"]
[WhiteTeam "South Wales Dragons 2"]
[BlackTeam "Guildford-ADC 2"]
[WhiteTeamCountry "WLS"]
[BlackTeamCountry "ENG"]

1. d4 d5 2. c4 c6 3. Nf3 Nf6 4. Nc3 e6 5. e3 Nbd7 6. Qc2 Be7 7. Bd3 dxc4 8. Bxc4 b5 9. Bd3 Bb7 10. Bd2 Rc8 11. O-O b4 12. Na4 c5 13. dxc5 Nxc5 14. Nxc5 Bxc5 15. Bb5+ Kf8 16. Rad1 Qb6 17. Qa4 a6 18. Be2 g6 19. a3 a5 20. axb4 axb4 21. Ne5 Ra8 22. Qc2 Bd5 23. e4 Bxe4 24. Qxe4 Nxe4 25. Nd7+ Kg7 26. Nxb6 Bxb6 27. Bxb4 Rhd8 28. Bd3 Nc5 29. Bc3+ f6 30. Bc2 1/2-1/2

[Event "4NCL/2001-02/D3/GUI3-WR2"]
[Site "Rd07-Birmingham"]
[Date "2002.03.23"]
[Round "7.1"]
[White "Frostick, Clive Anthony"]
[Black "Thurlow, Kevin J"]
[Result "0-1"]
[WhiteElo "2184"]
[BlackElo "2185"]
[PlyCount "68"]
[EventDate "2002.03.23"]
[EventCountry "ENG"]
[SourceTitle "BritBase"]
[Source "John Saunders"]
[SourceDate "2024.10.24"]
[SourceVersion "1"]
[SourceVersionDate "2024.10.24"]
[SourceQuality "1"]
[WhiteTeam "Guildford-ADC 3"]
[BlackTeam "White Rose 2"]
[WhiteTeamCountry "ENG"]
[BlackTeamCountry "ENG"]

1. e4 c5 2. Nf3 e6 3. c3 Nc6 4. d4 d5 5. exd5 exd5 6. Be3 cxd4 7. Nxd4 Nf6 8. Nd2 Be7 9. h3 O-O 10. Bd3 Ne5 11. Bc2 Nc4 12. Nxc4 dxc4 13. Qe2 Nd5 14. Qxc4 Nxe3 15. fxe3 Bh4+ 16. Ke2 Qg5 17. Be4 Bd7 18. Qd5 Rae8 19. Qxg5 Bxg5 20. Bxb7 Rxe3+ 21. Kf2 Rb8 22. Bf3 Rxb2+ 23. Kg3 Rxc3 24. Rhb1 Rb6 25. Rxb6 axb6 26. Rb1 Bf6 27. Ne2 Rc2 28. Rxb6 Be5+ 29. Kh4 Rc4+ 30. g4 h6 31. Rb7 Be6 32. Rb3 g5+ 33. Kh5 Kg7 34. Rb7 Bf5 0-1

[Event "4NCL/2001-02/D3/GUI3-WR2"]
[Site "Rd07-Birmingham"]
[Date "2002.03.23"]
[Round "7.2"]
[White "Wise, David"]
[Black "Hill, David F"]
[Result "1-0"]
[WhiteElo "2193"]
[BlackElo "2151"]
[PlyCount "75"]
[EventDate "2002.03.23"]
[EventCountry "ENG"]
[SourceTitle "BritBase"]
[Source "John Saunders"]
[SourceDate "2024.10.24"]
[SourceVersion "1"]
[SourceVersionDate "2024.10.24"]
[SourceQuality "1"]
[WhiteTeam "White Rose 2"]
[BlackTeam "Guildford-ADC 3"]
[WhiteTeamCountry "ENG"]
[BlackTeamCountry "ENG"]

1. d4 d5 2. Nf3 e6 3. e3 c6 4. Bd3 Bd6 5. c4 f5 6. Nc3 Nf6 7. h3 O-O 8. Bd2 Kh8 9. Qe2 dxc4 10. Bxc4 b5 11. Bd3 b4 12. Na4 Qa5 13. Nc5 Bxc5 14. dxc5 Qxc5 15. a3 Nd5 16. e4 fxe4 17. Qxe4 Nf6 18. Qxb4 Qxb4 19. Bxb4 Rd8 20. O-O-O Ba6 21. Kc2 Bxd3+ 22. Rxd3 Na6 23. Rxd8+ Rxd8 24. Be7 Rd7 25. Bxf6 gxf6 26. Re1 e5 27. Re4 Kg7 28. g4 Kg6 29. Rxe5 fxe5 30. Nxe5+ Kg5 31. Nxd7 Kh4 32. Nf6 Kxh3 33. g5 Nc5 34. Nxh7 Kh4 35. g6 Ne6 36. Nf8 Ng7 37. Nd7 Kg5 38. Ne5 1-0

[Event "4NCL/2001-02/D3/GUI3-WR2"]
[Site "Rd07-Birmingham"]
[Date "2002.03.23"]
[Round "7.3"]
[White "Shepley, Julien M"]
[Black "Van Kemenade, Rudy"]
[Result "1-0"]
[WhiteElo "2108"]
[BlackElo "2124"]
[PlyCount "59"]
[EventDate "2002.03.23"]
[EventCountry "ENG"]
[SourceTitle "BritBase"]
[Source "John Saunders"]
[SourceDate "2024.10.24"]
[SourceVersion "1"]
[SourceVersionDate "2024.10.24"]
[SourceQuality "1"]
[WhiteTeam "Guildford-ADC 3"]
[BlackTeam "White Rose 2"]
[WhiteTeamCountry "ENG"]
[BlackTeamCountry "ENG"]

1. Nc3 d6 2. e4 g6 3. d4 Bg7 4. Nf3 a6 5. a4 Nc6 6. Be3 Bg4 7. h3 Bxf3 8. gxf3 e5 9. d5 Nd4 10. Na2 Qf6 11. Bg2 Bh6 12. Bxh6 Nxh6 13. c3 Qg5 14. Rg1 c5 15. cxd4 cxd4 16. Qd2 Qh4 17. Rc1 O-O 18. Nb4 f5 19. Rc7 fxe4 20. fxe4 Nf7 21. Rxb7 Ng5 22. Nc6 Nxe4 23. Bxe4 Qxe4+ 24. Kf1 Rf4 25. Qe2 Qb1+ 26. Kg2 Qa2 27. Kh2 Raf8 28. Rg2 Qxa4 29. Qh5 R4f7 30. Ne7+ 1-0

[Event "4NCL/2001-02/D3/GUI3-WR2"]
[Site "Rd07-Birmingham"]
[Date "2002.03.23"]
[Round "7.4"]
[White "Lim Chin Lee"]
[Black "Singleton, Michael Peter F"]
[Result "1-0"]
[WhiteElo "2050"]
[BlackElo "2080"]
[PlyCount "48"]
[EventDate "2002.03.23"]
[EventCountry "ENG"]
[SourceTitle "BritBase"]
[Source "John Saunders"]
[SourceDate "2024.10.24"]
[SourceVersion "1"]
[SourceVersionDate "2024.10.24"]
[SourceQuality "1"]
[WhiteTeam "White Rose 2"]
[BlackTeam "Guildford-ADC 3"]
[WhiteTeamCountry "ENG"]
[BlackTeamCountry "ENG"]

1. d4 Nf6 2. c4 g6 3. Bg5 Bg7 4. Nc3 c5 5. d5 O-O 6. e4 d6 7. f3 e6 8. Qd2 exd5 9. cxd5 a6 10. h4 Qa5 11. h5 Nxh5 12. Bh6 Nd7 13. Rxh5 Bxh6 14. Rxh6 Ne5 15. Rh1 f6 16. Nh3 b5 17. Nf4 b4 18. Nd1 Re8 19. b3 f5 20. Ne6 fxe4 21. fxe4 Bxe6 22. dxe6 Rxe6 23. Qd5 Rae8 24. Be2 Kg7 {White now played 25 0-0 (illegal move because White had previously played 13 Rxh5, 14 Rxh6 and 15 Rh1) but it was not noticed by Black and the game continued - 1-0, 38 moves.} 1-0

[Event "4NCL/2001-02/D3/GUI3-WR2"]
[Site "Rd07-Birmingham"]
[Date "2002.03.23"]
[Round "7.5"]
[White "Punnett, Alan Kenneth"]
[Black "White, Mark W"]
[Result "0-1"]
[WhiteElo "2121"]
[BlackElo "2108"]
[PlyCount "64"]
[EventDate "2002.03.23"]
[EventCountry "ENG"]
[SourceTitle "BritBase"]
[Source "John Saunders"]
[SourceDate "2024.10.24"]
[SourceVersion "1"]
[SourceVersionDate "2024.10.24"]
[SourceQuality "1"]
[WhiteTeam "Guildford-ADC 3"]
[BlackTeam "White Rose 2"]
[WhiteTeamCountry "ENG"]
[BlackTeamCountry "ENG"]

1. d4 Nf6 2. c4 e6 3. g3 d5 4. Bg2 Be7 5. Nf3 O-O 6. O-O dxc4 7. Ne5 c5 8. dxc5 Bxc5 9. Qc2 Qc7 10. Nxc4 e5 11. Ne3 Na6 12. Nc3 Nb4 13. Qb1 Be6 14. a3 Nc6 15. b4 Bd4 16. Nb5 Qb6 17. Nxd4 Nxd4 18. Qb2 Rac8 19. a4 Nb3 20. Rb1 Qxb4 21. Qxe5 Rc5 22. Qf4 Qxf4 23. gxf4 Rxc1 24. Rfxc1 Nxc1 25. Rxc1 Rc8 26. Rb1 b6 27. Bf3 h6 28. Kg2 Rc3 29. Rb4 g6 30. Rd4 Kg7 31. Bb7 Nd7 32. Nd5 Bh3+ 0-1

[Event "4NCL/2001-02/D3/GUI3-WR2"]
[Site "Rd07-Birmingham"]
[Date "2002.03.23"]
[Round "7.6"]
[White "Cumbers, Paul"]
[Black "Allinson, Julian"]
[Result "1-0"]
[WhiteElo "1952"]
[BlackElo "1944"]
[PlyCount "75"]
[EventDate "2002.03.23"]
[EventCountry "ENG"]
[SourceTitle "BritBase"]
[Source "John Saunders"]
[SourceDate "2024.10.24"]
[SourceVersion "1"]
[SourceVersionDate "2024.10.24"]
[SourceQuality "1"]
[WhiteTeam "White Rose 2"]
[BlackTeam "Guildford-ADC 3"]
[WhiteTeamCountry "ENG"]
[BlackTeamCountry "ENG"]

1. e4 c6 2. d4 d5 3. e5 Qb6 4. Nc3 Bf5 5. Nge2 e6 6. Ng3 Bg6 7. h4 h6 8. h5 Bh7 9. Be2 c5 10. Na4 Qa5+ 11. c3 cxd4 12. b4 Qc7 13. Qxd4 Ne7 14. b5 Nd7 15. Bf4 Nc8 16. O-O Ncb6 17. Nxb6 axb6 18. c4 Bc5 19. Qd2 dxc4 20. Rac1 O-O 21. Bxc4 Ra4 22. Qe2 Kh8 23. Ne4 Ba3 24. Rc3 Bb2 25. Qxb2 Rxc4 26. Rfc1 Rxc3 27. Rxc3 Nc5 28. Nxc5 bxc5 29. Qc1 b6 30. a4 Ra8 31. Qd1 Rd8 32. Qf3 Qa7 33. Bxh6 Bf5 34. Qf4 Rd4 35. Bxg7+ Kxg7 36. Rg3+ Bg6 37. Qf6+ Kf8 38. hxg6 1-0

[Event "4NCL/2001-02/D3/GUI3-WR2"]
[Site "Rd07-Birmingham"]
[Date "2002.03.23"]
[Round "7.7"]
[White "Smart, Michael"]
[Black "Shaw, Peter"]
[Result "1-0"]
[WhiteElo "1960"]
[BlackElo "1960"]
[PlyCount "79"]
[EventDate "2002.03.23"]
[EventCountry "ENG"]
[SourceTitle "BritBase"]
[Source "John Saunders"]
[SourceDate "2024.10.24"]
[SourceVersion "1"]
[SourceVersionDate "2024.10.24"]
[SourceQuality "1"]
[WhiteTeam "Guildford-ADC 3"]
[BlackTeam "White Rose 2"]
[WhiteTeamCountry "ENG"]
[BlackTeamCountry "ENG"]

1. e4 e6 2. d4 d5 3. Nd2 Nf6 4. e5 Nfd7 5. Bd3 c5 6. c3 Nc6 7. Ne2 cxd4 8. cxd4 f6 9. exf6 Qxf6 10. Nf3 h6 11. O-O Bd6 12. Bb1 O-O 13. Ng3 Rd8 14. Qd3 Nf8 15. Re1 Bd7 16. a3 Be8 17. Qe3 Rac8 18. Bd2 Bc7 19. Bc3 Bg6 20. Ne5 Bxe5 21. dxe5 Qh4 22. Bxg6 Nxg6 23. Qd3 Qg5 24. Bd2 Ngxe5 25. Qe2 Qg6 26. f4 Nc4 27. Bc3 Re8 28. Rad1 Rcd8 29. b3 Nd6 30. Ba1 Nf5 31. Nh5 d4 32. Rd3 e5 33. Rdd1 e4 34. g4 Ne3 35. Bxd4 Nxd1 36. Bxg7 Nd4 37. Qc4+ Kh7 38. Bxd4 Qxg4+ 39. Ng3 e3 40. Qf7+ 1-0

[Event "4NCL/2001-02/D3/GUI3-WR2"]
[Site "Rd07-Birmingham"]
[Date "2002.03.23"]
[Round "7.8"]
[White "Van Kemenade, Julie"]
[Black "Patel, Sunena"]
[Result "1-0"]
[WhiteElo "1592"]
[BlackElo "1224"]
[PlyCount "93"]
[EventDate "2002.03.23"]
[EventCountry "ENG"]
[SourceTitle "BritBase"]
[Source "John Saunders"]
[SourceDate "2024.10.24"]
[SourceVersion "1"]
[SourceVersionDate "2024.10.24"]
[SourceQuality "1"]
[WhiteTeam "White Rose 2"]
[BlackTeam "Guildford-ADC 3"]
[WhiteTeamCountry "ENG"]
[BlackTeamCountry "ENG"]

1. e4 e5 2. Nf3 Nc6 3. Bb5 d6 4. c3 Bd7 5. O-O Nf6 6. Re1 Be7 7. d3 h6 8. Nbd2 O-O 9. Nf1 Re8 10. Ng3 Bf8 11. Ba4 Nb8 12. Bc2 c6 13. h3 Qc7 14. Be3 d5 15. d4 dxe4 16. Nxe5 Bc8 17. Nxe4 Nxe4 18. Bxe4 Nd7 19. Nxd7 Bxd7 20. Bc2 Rad8 21. Qd3 g6 22. Qd2 Kh7 23. h4 Qd6 24. h5 Bg7 25. Bf4 Qf8 26. f3 b5 27. Qf2 Qg8 28. Qg3 Bf6 29. Kf2 a6 30. Rh1 Bf5 31. hxg6+ Bxg6 32. Rxh6+ Kg7 33. Rxg6+ fxg6 34. Qxg6+ Kf8 35. Qxf6+ Qf7 36. Bh6+ Kg8 37. Bb3 Rd5 38. Qxf7+ Kxf7 39. Bxd5+ cxd5 40. Re1 Rc8 41. Re5 Rd8 42. g4 a5 43. f4 b4 44. cxb4 axb4 45. f5 Ra8 46. g5 Rxa2 47. Re2 1-0

[Event "4NCL/2001-02/D3/MSL-MK"]
[Site "Rd07-Birmingham"]
[Date "2002.03.23"]
[Round "7.1"]
[White "Conlon, Joseph P"]
[Black "Macdonald-Ross, Michael"]
[Result "1/2-1/2"]
[WhiteElo "2215"]
[BlackElo "2170"]
[PlyCount "86"]
[EventDate "2002.03.23"]
[EventType "team-match"]
[EventCountry "ENG"]
[SourceTitle "BritBase"]
[Source "John Saunders"]
[SourceDate "2024.10.24"]
[SourceVersion "1"]
[SourceVersionDate "2024.10.24"]
[SourceQuality "1"]
[WhiteTeam "Mind Sports Ltd"]
[BlackTeam "Milton Keynes"]
[WhiteTeamCountry "ENG"]
[BlackTeamCountry "ENG"]

1. e4 c6 2. d4 d5 3. Nd2 dxe4 4. Nxe4 Nf6 5. Ng3 h5 6. h4 Bg4 7. Be2 Qc7 8. Bg5 Nbd7 9. Bxg4 hxg4 10. Qd2 O-O-O 11. O-O-O e6 12. N1e2 Bd6 13. c4 c5 14. Kb1 Kb8 15. dxc5 Nxc5 16. Qc2 Be5 17. Rd2 Rxd2 18. Bxd2 Rd8 19. Bc3 Bxc3 20. Nxc3 a6 21. Nge4 Nfxe4 22. Nxe4 Rd4 23. Nxc5 Qxc5 24. Rd1 Qxc4 25. Rxd4 Qxd4 26. g3 f5 27. a3 g6 28. Ka2 Qd5+ 29. b3 Qd4 30. a4 Qd5 31. Qe2 e5 32. Qc2 Qc6 33. Qb2 e4 34. Qd4 Kc7 35. Qg7+ Kb6 36. Qd4+ Kc7 37. Qg7+ Kb8 38. Qe5+ Ka7 39. Qd4+ Qb6 40. Qb2 Qc5 41. Qd2 a5 42. Kb2 Ka6 43. Ka2 Kb6 1/2-1/2

[Event "4NCL/2001-02/D3/MSL-MK"]
[Site "Rd07-Birmingham"]
[Date "2002.03.23"]
[Round "7.2"]
[White "Freeman, Richard CP"]
[Black "Coleman, James"]
[Result "1-0"]
[WhiteElo "2011"]
[BlackElo "2137"]
[PlyCount "51"]
[EventDate "2002.03.23"]
[EventType "team-match"]
[EventCountry "ENG"]
[SourceTitle "BritBase"]
[Source "John Saunders"]
[SourceDate "2024.10.24"]
[SourceVersion "1"]
[SourceVersionDate "2024.10.24"]
[SourceQuality "1"]
[WhiteTeam "Milton Keynes"]
[BlackTeam "Mind Sports Ltd"]
[WhiteTeamCountry "ENG"]
[BlackTeamCountry "ENG"]

1. e4 e5 2. Bc4 Nf6 3. d4 exd4 4. Nf3 Nc6 5. e5 d5 6. Bb5 Ne4 7. Nxd4 Bd7 8. Bxc6 bxc6 9. O-O Bc5 10. c3 O-O 11. f3 Ng5 12. f4 Ne4 13. Nd2 Nxd2 14. Bxd2 Bb6 15. Qh5 c5 16. Nf3 Qc8 17. h3 Bf5 18. g4 c4+ 19. Kh2 Bd3 20. f5 Bxf1 21. Ng5 h6 22. Rxf1 hxg5 23. f6 Qe6 24. Qxg5 g6 25. Re1 Be3 26. Rxe3 1-0